Fortnite POI's Chapter 1 - Statistics

General Stats
  • This quiz has been taken 1,608 times
  • The average score is 8 of 12
Answer Stats
Picture Answer % Correct
Paradise Palms
90%
Loot Lake
89%
Pleasant park
88%
Flush Factory
85%
Junk Junction
73%
Lazy Links
73%
Polar Peak
68%
Gotham City
64%
Frosty Flights
53%
Happy Hamlet
51%
Greasy Grove
44%
Pressure Plant
22%
No matching quizzes found
Score Distribution
Percent of People with Each Score
Percentile by Number Answered
Your Score History
You have not taken this quiz